Evolución del delito político / (Registro nro. 141219)
[ vista simple ]
| 000 -LEADER | |
|---|---|
| fixed length control field | nam a22 7a 4500 |
| 005 - DATE AND TIME OF LATEST TRANSACTION | |
| control field | 20180530091502.0 |
| 008 - FIXED-LENGTH DATA ELEMENTS--GENERAL INFORMATION | |
| fixed length control field | 180530b sp ||||| |||| 00| 0 spa d |
| 020 ## - INTERNATIONAL STANDARD BOOK NUMBER | |
| International Standard Book Number | 9788437506968 |
| 050 04 - LIBRARY OF CONGRESS CALL NUMBER | |
| Classification number | K5250 |
| Item number | R85 2013 |
| 100 1# - MAIN ENTRY--PERSONAL NAME | |
| Personal name | Ruiz-Funes García, Mariano |
| Dates associated with a name | 1889-1953 |
| 245 10 - TITLE STATEMENT | |
| Title | Evolución del delito político / |
| Statement of responsibility, etc | Mariano Ruiz Funes, Introducción de Fernando Serrano Migallón |
| 250 ## - EDITION STATEMENT | |
| Edition statement | 1a ed. |
| 260 ## - PUBLICATION, DISTRIBUTION, ETC. (IMPRINT) | |
| Place of publication, distribution, etc | Madrid, España: |
| Name of publisher, distributor, etc | Fondo de Cultura Económica de España, |
| Date of publication, distribution, etc | 2013 |
| 300 ## - PHYSICAL DESCRIPTION | |
| Extent | 290 p. : |
| Other physical details | il. ; |
| Dimensions | 21 cm. |
| 490 #0 - SERIES STATEMENT | |
| Series statement | Biblioteca de la Cátedra del Exilio |
| 504 ## - BIBLIOGRAPHY, ETC. NOTE | |
| Bibliography, etc | Incluye índice |
| 650 #4 - SUBJECT ADDED ENTRY--TOPICAL TERM | |
| Topical term or geographic name as entry element | crímenes políticos |
| General subdivision | Historia |
| -- | Guerra civil española |
| Geographic subdivision | España |
| 650 #4 - SUBJECT ADDED ENTRY--TOPICAL TERM | |
| Topical term or geographic name as entry element | Delitos políticos |
| General subdivision | Historia |
| -- | Guerra Civil Española |
| Geographic subdivision | España |
| 700 1# - ADDED ENTRY--PERSONAL NAME | |
| Personal name | Serrano Migallón, Fernando |
| Relator term | intro. |
| 942 ## - ADDED ENTRY ELEMENTS (KOHA) | |
| Source of classification or shelving scheme | Biblioteca del Cogreso de los Estados Unidos |
| Koha item type | Libro |
| Estado de pérdida | Fuente de clasificación | Estado del daño | No para préstamo | Ubicación permanente | Ubicación actual | Apartado o colección | Fecha de adquisición | Fuente de adquisición | Edición | Dependencia de educación superior (DES) | Área del conocimiento | Clasificación | Código de Barras | Date last seen | Número de copia | Tipo de recurso |
|---|---|---|---|---|---|---|---|---|---|---|---|---|---|---|---|---|
| Biblioteca del Cogreso de los Estados Unidos | Biblioteca de la Facultad de Filosofía | Biblioteca de la Facultad de Filosofía | General | 30/05/2018 | Programa de Fortalecimiento de la Calidad en Instituciones Educativas 2014 | 1a ed. | Humanidades | Educación y Humanidades | K5250 R85 2013 | BFF000029527 | 30/05/2018 | C:1 | Libro | |||
| Biblioteca del Cogreso de los Estados Unidos | Biblioteca de la Facultad de Filosofía | Biblioteca de la Facultad de Filosofía | General | 06/08/2018 | Programa de Fortalecimiento de la Calidad en Instituciones Educativas 2014 | 1a ed. | Humanidades | Educación y Humanidades | K5250 R85 2013 | BFF000030624 | 06/08/2018 | C:2 | Libro |